MARC details
| 000 -CABECERA |
| campo de control de longitud fija |
02575nam a2200277 a 4500 |
| 001 - NÚMERO DE CONTROL |
| campo de control |
000048769 |
| 005 - FECHA Y HORA DE LA ÚLTIMA TRANSACCIÓN |
| campo de control |
20240228133748.0 |
| 008 - DATOS DE LONGITUD FIJA--INFORMACIÓN GENERAL |
| campo de control de longitud fija |
190411s2016 dr 000 0 spa d |
| 020 ## - NÚMERO INTERNACIONAL ESTÁNDAR DEL LIBRO |
| Número Internacional Estándar del Libro |
9789945897692 |
| 040 ## - FUENTE DE LA CATALOGACIÓN |
| Centro catalogador/agencia de origen |
DO-SdBNP |
| Lengua de catalogación |
spa |
| Centro/agencia transcriptor |
BNPHU |
| 082 ## - NÚMERO DE LA CLASIFICACIÓN DECIMAL DEWEY |
| Número de clasificación |
xxxx |
| Número de documento/Ítem |
C794a |
| 100 1# - ENTRADA PRINCIPAL--NOMBRE DE PERSONA |
| Nombre de persona |
Cordero Carrillo, Francisco Febres |
| 9 (RLIN) |
76223 |
| 245 10 - MENCIÓN DE TÍTULO |
| Título |
Entre Estado y Nación : |
| Resto del título |
la anexión y la guerra de restauración dominicana, 1861-1865. Una visión del Caribe hispano en el siglo XIX / |
| Mención de responsabilidad, etc. |
Francisco Febres-Cordero Carrillo ; presentación Santiago Castro Ventura ; edición Jesús R. Navarro Zerpa. |
| 260 ## - PUBLICACIÓN, DISTRIBUCIÓN, ETC. |
| Lugar de publicación, distribución, etc. |
Santo Domingo : |
| Nombre del editor, distribuidor, etc. |
Academia Dominicana de la Historia, |
| Fecha de publicación, distribución, etc. |
2016. |
| 300 ## - DESCRIPCIÓN FÍSICA |
| Extensión |
205 p. ; |
| Dimensiones |
24 cm. |
| 490 1# - MENCIÓN DE SERIE |
| Mención de serie |
Academia Dominicana de la Historia |
| Designación de volumen o secuencia |
135 |
| 500 ## - NOTA GENERAL |
| Nota general |
Incluye referencias bibliográficas y notas al pie de las páginas |
| 500 ## - NOTA GENERAL |
| Nota general |
Incluye datos biográficos del autor en la solapa de la contracubierta |
| 500 ## - NOTA GENERAL |
| Nota general |
Índice onomásticos |
| 504 ## - NOTA DE BIBLIOGRAFÍA, ETC. |
| Nota de bibliografía, etc. |
Bibliografía : p. 187-190 |
| 505 0# - NOTA DE CONTENIDO CON FORMATO |
| Nota de contenido con formato |
Presentación -- |
| Título |
Introducción -- |
| -- |
Perfil y bosquejo histórico -- |
| -- |
La República Dominicana -- |
| -- |
España -- |
| -- |
Prolegómenos de la anexión -- |
| -- |
Cuba Y Puerto Rico en las postrimerías del imperio del ultramar español -- |
| -- |
El problema haitiano -- |
| -- |
Hacia el reconocimiento español del estado dominicano -- |
| -- |
Un balance geopolítico de España en el Caribe -- |
| -- |
Giro en las relaciones dominico-hispanas -- |
| -- |
El reconocimiento español de la República Dominicana -- |
| -- |
Discurso de la anexión -- |
| -- |
Del centro a la periferia: discurso metropolitano versus discurso colonial -- |
| -- |
Romanticismo y política exterior isabelina -- |
| -- |
El imperialismo decimonónico y la España isabelina -- |
| -- |
La toma militar de Santo Domingo -- |
| -- |
Negociaciones preparativas de la anexión -- |
| -- |
La marina de guerra española en Santo Domingo -- |
| -- |
El acuerdo Santana-Serrano -- |
| -- |
Los primeros días de España en Santo Domingo -- |
| -- |
La oposición antianexionista. El incidente diplomático con Haití -- |
| -- |
Reflexión teórica sobre el movimiento de la restauración dominicana -- |
| -- |
Compresión histórica de la nación dominicana -- |
| -- |
La administración española en Santo Domingo -- |
| -- |
Ideología de la restauración dominicana -- |
| -- |
La guerra de restauración desde las filas españolas -- |
| -- |
Los primeros levantamientos insurgentes -- |
| -- |
La caída de Santiago -- |
| -- |
La campaña del Sur -- |
| -- |
La toma de Montecristi -- |
| 590 ## - NOTA LOCAL (RLIN) |
| Nota local |
Inventariado, 2019/LP |
| 700 1# - PUNTO DE ACCESO ADICIONAL--NOMBRE DE PERSONA |
| Nombre de persona |
Navarro Zerpa, Jesús R. |
| Término indicativo de función/relación |
ed. |
| 9 (RLIN) |
73422 |
| 700 1# - PUNTO DE ACCESO ADICIONAL--NOMBRE DE PERSONA |
| Nombre de persona |
Castro Ventura, Santiago |
| Término indicativo de función/relación |
Present. |
| 9 (RLIN) |
1837 |
| 830 ## - PUNTO DE ACCESO ADICIONAL DE SERIE-TÍTULO UNIFORME |
| Título uniforme |
Academia Dominicana de la Historia |
| 9 (RLIN) |
770 |